Đàm thoại tiếng anh hàng ngày = Daily english conservation

Tallennettuna:
Bibliografiset tiedot
Aineistotyyppi: Kirja
Kieli:Undetermined
Julkaistu: Thành phố Hồ Chí Minh NXB Thành phố Hồ Chí Minh 2004
Aiheet:
Tagit: Lisää tagi
Ei tageja, Lisää ensimmäinen tagi!
Thư viện lưu trữ: Trung tâm Học liệu Trường Đại học Cần Thơ
LEADER 00636nam a2200205Ia 4500
001 CTU_102045
008 210402s9999 xx 000 0 und d
020 |c 10000 
082 |a 428.24 
082 |b Đ104/Cas.2 
245 0 |a Đàm thoại tiếng anh hàng ngày = 
245 0 |b Daily english conservation 
245 0 |c Lê Huy Lâm, Phạm Văn Thuận dịch 
260 |a Thành phố Hồ Chí Minh 
260 |b NXB Thành phố Hồ Chí Minh 
260 |c 2004 
650 |a English language 
650 |x Spoken english 
904 |i M.Loan 
980 |a Trung tâm Học liệu Trường Đại học Cần Thơ